ბათუმის შოთა რუსთაველის სახელმწიფო უნივერსიტეტის ბიბლიოთეკა

Religious minorities in Samtskhe-Javakheti : (ბიბ.ჩანაწერი № 58775)

000 -LEADER
fixed length control field 01271nam a22002177a 4500
005 - DATE AND TIME OF LATEST TRANSACTION
control field 20220721143610.0
008 - FIXED-LENGTH DATA ELEMENTS--GENERAL INFORMATION
fixed length control field 220721s2019en xxu||||| |||| 00| 0 eng d
020 ## - INTERNATIONAL STANDARD BOOK NUMBER
International Standard Book Number 9789941266577
041 ## - LANGUAGE CODE
Language code of text/sound track or separate title geo
080 ## - UNIVERSAL DECIMAL CLASSIFICATION NUMBER
Universal Decimal Classification number 342.731(479.222.5)+21/28(479.22) IV-98
100 ## - MAIN ENTRY--PERSONAL NAME
Personal name Ivelashvili, Tina
9 (RLIN) 14461
245 ## - TITLE STATEMENT
Title Religious minorities in Samtskhe-Javakheti :
Remainder of title [Monograph] /
Statement of responsibility, etc. Tina Ivelashvil , Edi. Liana Melikishvili .
264 ## - PRODUCTION, PUBLICATION, DISTRIBUTION, MANUFACTURE, AND COPYRIGHT NOTICE
Place of production, publication, distribution, manufacture Tbilisi :
Name of producer, publisher, distributor, manufacturer Universal,
Date of production, publication, distribution, manufacture, or copyright notice 2019.
300 ## - PHYSICAL DESCRIPTION
Extent 308 p. ;
Other physical details 20 cm.
505 ## - FORMATTED CONTENTS NOTE
Miscellaneous information ბიბლიოგრაფია ტექსტის შენიშვნებში და გვ. 303-308
600 ## - SUBJECT ADDED ENTRY--PERSONAL NAME
Source of heading or term პროექტი განხორციელდა სსიპ შოთა რუსთაველის ეროვნულ სამეცნიერო ფონდში მოპოვებული გრანტის დაფინანსებით.
653 ## - INDEX TERM--UNCONTROLLED
keyword რელიგიური უმცირესობები -- საქართველო. რელიგიური ტოლერანტობა -- საქართველო.
700 ## - ADDED ENTRY--PERSONAL NAME
Personal name Melikishvili, Liana
Relator term Editor
9 (RLIN) 14462
710 ## - ADDED ENTRY--CORPORATE NAME
Corporate name or jurisdiction name as entry element Shota Rustaveli National Science Foundation.
9 (RLIN) 14463
942 ## - ADDED ENTRY ELEMENTS (KOHA)
Source of classification or shelving scheme
Koha item type წიგნი
ეგზემპლარები
Withdrawn status Lost status Source of classification or shelving scheme Damaged status Not for loan Permanent Location Current Location Shelving location Date acquired Cost, normal purchase price Full call number Barcode Date last seen Copy number Price effective from Koha item type Public note
          ბათუმის შოთა რუსთაველის სახელმწიფო უნივერსიტეტის მთავარი ბიბლიოთეკა ბათუმის შოთა რუსთაველის სახელმწიფო უნივერსიტეტის მთავარი ბიბლიოთეკა წიგნსაცავი 2022-07-21 10.00 342.731(479.222.5)+21/28(479.22) I-98 63010 2022-07-21 63010 2022-07-21 წიგნი 10.00